| 000 | 00734nam a2200229Ia 4500 | ||
|---|---|---|---|
| 001 | 15564 | ||
| 003 | GE_BSU | ||
| 008 | 181216s||||||||xx |||||||||||||| ||und|| | ||
| 040 | _cGE_BSU | ||
| 080 | _a821.353.1-32 | ||
| 100 | _aძირკვაძე, ნოდარ | ||
| 245 | _aშენი გულისათვის | ||
| 245 | _bმოთხრობები | ||
| 245 | _cრედ.მ.ვარშანიძე. მხატვ.გ.ხოჯაშვილი | ||
| 260 | _aბათუმი | ||
| 260 | _bსაბჭ. აჭარა | ||
| 260 | _c1969 | ||
| 300 | _a95გვ. ; 17სმ | ||
| 653 | _aმოთხრობები | ||
| 653 | _aშენი გულისათვის | ||
| 942 | _cBK | ||
| 999 |
_c48664 _d48664 |
||